00474nam a2200193Ia 4500003000400000005001700004008004100021020001400062040000700076041000800083082001600091100002300107245005100130260004000181300001600221365000800237650002300245650001200268OSt20230403105527.0210423s1966 xx 000 0 und d a716604736 cAL aeng a030.02 SASH aSASSE (H C);others aCassells concise german-english english-german aNew YorkbMacmillan India Ltdc1966 axvi,541bHB cINR aEncyclopedic Works aGeneral